Recuerdos de Sócrates. Apología o Defensa ante el jurado. Simposio o El convite.
Zapisane w:
| 1. autor: | |
|---|---|
| Format: | Książka |
| Wydane: |
Madrid, España:
Alianza Editorial,
1967.
|
| Seria: | Clásicos,
|
| Hasła przedmiotowe: | |
| Etykiety: |
Dodaj etykietę
Nie ma etykietki, Dołącz pierwszą etykiete!
|
MARC
| LEADER | 00000nam a22000007a 4500 | ||
|---|---|---|---|
| 003 | CL-VaPUC | ||
| 005 | 20220822114547.0 | ||
| 008 | 220706t1967 ||||| |||| 00| 0 eng d | ||
| 999 | |c 436727 |d 436725 | ||
| 040 | |c Pontificia Universidad Católica de Valparaíso | ||
| 082 | 7 | |a 183.2 JEN 1967 |2 22 | |
| 100 | |a Jenofonte |9 335230 |e autor | ||
| 245 | |a Recuerdos de Sócrates. |b Apología o Defensa ante el jurado. Simposio o El convite. | ||
| 260 | |a Madrid, España: |b Alianza Editorial, |c 1967. | ||
| 300 | |a 295 páginas. | ||
| 490 | |a Clásicos, |n 56. | ||
| 500 | |a c.1 Primera parte: Donación Familia Prof. Alejandro Guzmán Brito. | ||
| 583 | |c 20220706 |k Cristina María Rojas Aguilar | ||
| 600 | 0 | |a Sócrates, |9 870080 |d 470 A.C.-399 A.C. | |
| 650 | |a Filosofía griega |x Crítica e interpretación |9 872241 | ||
| 942 | |2 ddc |c BK |n 0 | ||
| 952 | |0 0 |1 0 |2 ddc |4 0 |6 183_200000000000000_JEN_1967 |7 0 |8 C_AGB |9 584423 |a BIBDER |b BIBDER |d 2022-07-06 |e Donación |i 5652538 |o 183.2 JEN 1967 |p 5652538 |r 2023-01-25 |t 1 |w 2022-07-06 |y BK_US |k AGB | ||